000 00244nam a22001097a 4500
082 _a294/CHO
100 _aChopara,Krishan
_982310
245 _aOm Prayers Of Yajna
260 _aUK
_bKrishan Chopra Foundation
650 _aReligion
942 _cBK
999 _c66774
_d66774